[Event "GBR-ch83"]
[Site "Nottingham"]
[Date "1996.08.07"]
[Round "3.8"]
[White "Lilley, Graham"]
[Black "Lee, Graham D"]
[Result "1-0"]
[WhiteElo "2185"]
[BlackElo "2375"]
[PlyCount "85"]
[EventDate "1996.08.05"]
[EventType "swiss"]
[EventRounds "11"]
[EventCountry "GBR"]
[SourceTitle "Mega Database 2004"]

1. d4 Nf6 2. c4 c5 3. d5 e5 4. Nc3 d6 5. e4 Be7 6. f3 O-O 7. Be3 Ne8 8. Qd2 g6
9. Bd3 f5 10. exf5 gxf5 11. Nge2 Nd7 12. O-O-O a6 13. g4 f4 14. Bf2 Bh4 15. Qe1
Bxf2 16. Qxf2 Rf7 17. h4 Nf8 18. Ne4 Bd7 19. N2c3 Rb8 20. h5 b5 21. Rdg1 bxc4
22. Bb1 Kh8 23. g5 Bf5 24. g6 Rfb7 25. Ng5 Qf6 26. Nf7+ Rxf7 27. gxf7 Qxf7 28.
Bxf5 Qxf5 29. Qg2 Qf7 30. Qg5 Nd7 31. Qg6 Qf8 32. Qe6 Ndf6 33. h6 Rd8 34. Qf5
Qe7 35. Rg5 Qd7 36. Ne4 Qe7 37. Rhg1 Rb8 38. Rg7 Qf8 39. Rg8+ Qxg8 40. Rxg8+
Nxg8 41. Nxd6 Nxh6 42. Qxe5+ Ng7 43. Nf7+ 1-0

[Event "GBR-ch83"]
[Site "Nottingham"]
[Date "1996.08.07"]
[Round "3.9"]
[White "Buckley, Graeme"]
[Black "Dyce, Andrew N"]
[Result "1-0"]
[WhiteElo "2370"]
[BlackElo "2135"]
[PlyCount "91"]
[EventDate "1996.08.05"]
[EventType "swiss"]
[EventRounds "11"]
[EventCountry "GBR"]

1. d4 e6 2. c4 Nf6 3. Nc3 Bb4 4. e3 b6 5. Bd3 Bb7 6. Nf3 Ne4 7. O-O Bxc3 8.
bxc3 f5 9. Ne1 O-O 10. f3 Nf6 11. c5 bxc5 12. Qb3 Bd5 13. c4 Bc6 14. d5 exd5
15. Bxf5 Qe7 16. Nd3 Na6 17. cxd5 Bxd5 18. Qb5 Qd6 19. e4 Bf7 20. e5 Qd4+ 21.
Kh1 Qxa1 22. Qxa6 Qxa2 23. Qxa2 Bxa2 24. Nxc5 d6 25. Ne6 dxe5 26. Nxf8 Rxf8 27.
Be3 g6 28. Bd3 Rc8 29. Ra1 Bb3 30. Ra5 Rd8 31. Be2 Nd5 32. Bg5 Rd6 33. h4 a6
34. Ra3 Rb6 35. Bxa6 c5 36. Bc8 Nc7 37. Ra7 Ne6 38. Bf6 Rb8 39. Bd7 Bd5 40.
Bxe5 Rb1+ 41. Kh2 Nd8 42. Ba4 Nf7 43. Bc3 Rc1 44. Bf6 c4 45. Rd7 Ba8 46. Re7
1-0

[Event "GBR-ch83"]
[Site "Nottingham"]
[Date "1996.08.07"]
[Round "3.13"]
[White "Turner, Matthew J"]
[Black "Mason, Donald"]
[Result "1/2-1/2"]
[WhiteElo "2425"]
[BlackElo "2275"]
[PlyCount "62"]
[EventDate "1996.08.05"]
[EventType "swiss"]
[EventRounds "11"]
[EventCountry "GBR"]

1. c4 g6 2. Nc3 Bg7 3. g3 e5 4. Bg2 Nc6 5. e3 d6 6. Nge2 Be6 7. d3 Nf6 8. Nd5
O-O 9. O-O Nh5 10. Rb1 Qd7 11. b4 Nd8 12. b5 c6 13. bxc6 bxc6 14. Ndc3 f5 15.
Qc2 g5 16. f4 gxf4 17. exf4 Nf7 18. Bd2 Nf6 19. Rfd1 Rae8 20. Qa4 Nd8 21. h3
Nh5 22. Kh2 exf4 23. gxf4 Kh8 24. Bf3 Nf6 25. Be1 Bf7 26. Bf2 Bh5 27. Bxh5 Nxh5
28. Qxa7 Qxa7 29. Bxa7 Nxf4 30. Rd2 Nxe2 31. Nxe2 c5 1/2-1/2

[Event "GBR-ch83"]
[Site "Nottingham"]
[Date "1996.08.07"]
[Round "3.14"]
[White "Ledger, Andrew J"]
[Black "Merriman, John"]
[Result "1-0"]
[WhiteElo "2415"]
[BlackElo "2275"]
[PlyCount "77"]
[EventDate "1996.08.05"]
[EventType "swiss"]
[EventRounds "11"]
[EventCountry "GBR"]

1. e4 e6 2. Nc3 d5 3. Nf3 Nf6 4. e5 Nfd7 5. d4 b6 6. Bd3 Ba6 7. O-O Bxd3 8.
Qxd3 Be7 9. Ne2 c5 10. c4 dxc4 11. Qxc4 Nc6 12. Rd1 O-O 13. Bf4 Qc8 14. dxc5
bxc5 15. Nc3 Rb8 16. Nb5 Nb6 17. Qe2 Nd5 18. Bg5 Bxg5 19. Nxg5 h6 20. Nd6 Qc7
21. Nf3 Rfd8 22. Nc4 Na5 23. Rac1 Nxc4 24. Rxc4 Rb4 25. g3 Rdb8 26. Rc2 a5 27.
Rdc1 Qb6 28. b3 Rc8 29. Nd2 a4 30. bxa4 Rxa4 31. Ne4 Nb4 32. Rxc5 Rxc5 33. Rxc5
Rxa2 $4 34. Rc8+ Kh7 35. Qf3 Ra1+ 36. Kg2 Qa6 37. Ng5+ Kg6 38. Qxf7+ Kxg5 39.
h4+ 1-0

[Event "GBR-ch83"]
[Site "Nottingham"]
[Date "1996.08.07"]
[Round "3.15"]
[White "Cobb, James E"]
[Black "McShane, Luke J"]
[Result "0-1"]
[WhiteElo "2260"]
[BlackElo "2385"]
[PlyCount "120"]
[EventDate "1996.08.05"]
[EventType "swiss"]
[EventRounds "11"]
[EventCountry "GBR"]

1. d4 Nf6 2. Nf3 g6 3. Bg5 Bg7 4. Nbd2 O-O 5. e4 d6 6. c3 Nc6 7. Bb5 Bd7 8. O-O
Qe8 9. a4 a6 10. Bc4 h6 11. Bh4 e5 12. dxe5 dxe5 13. Re1 Nh5 14. Nf1 Nf4 15.
Ne3 Ne7 16. Qb3 Rb8 17. Qa3 Nc8 18. Bf1 Kh8 19. Bg3 Nh5 20. Bxe5 Bxe5 21. Nxe5
Bxa4 22. Nd5 Nd6 23. Nxg6+ fxg6 24. Qxa4 Qf7 25. Qd4+ Kh7 26. Rad1 Rbd8 27. e5
Nf5 28. Qe4 Ne7 29. Nf6+ Nxf6 30. exf6 Rxd1 31. Rxd1 Qxf6 32. f3 Qb6+ 33. Kh1
Rf7 34. Bc4 Rg7 35. b4 Qc6 36. Qxc6 Nxc6 37. Bd5 Re7 38. h3 $16 Kg7 39. Bxc6 $6
bxc6 40. Ra1 Re3 41. c4 $6 c5 42. bxc5 Re5 43. Ra5 Re6 44. Kh2 Kf6 45. f4 Kf5
46. Kg3 Ke4 47. Kg4 Rf6 48. g3 Kd4 49. Ra4 Kc3 50. h4 Kb3 51. Ra1 Kxc4 52. Rc1+
Kb4 53. Kf3 a5 54. Ke4 a4 55. g4 $2 (55. Ke5 $11) 55... a3 56. f5 gxf5+ 57.
gxf5 a2 58. Ke5 $2 (58. Ra1 Kb3 59. Ke5 $11) 58... Rc6 $1 $19 59. Rf1 Rxc5+ 60.
Ke6 Ra5 0-1

[Event "GBR-ch83"]
[Site "Nottingham"]
[Date "1996.08.07"]
[Round "3.16"]
[White "Ferguson, Mark"]
[Black "Clarke, Thomas"]
[Result "1-0"]
[WhiteElo "2385"]
[BlackElo "2230"]
[PlyCount "81"]
[EventDate "1996.08.05"]
[EventType "swiss"]
[EventRounds "11"]
[EventCountry "GBR"]

1. e4 e6 2. d4 d5 3. Nd2 Nf6 4. e5 Nfd7 5. c3 c5 6. f4 Nc6 7. Ndf3 Qb6 8. h4 f6
9. Bd3 cxd4 10. cxd4 Bb4+ 11. Ke2 Be7 12. a3 O-O 13. Qc2 f5 14. h5 a5 15. Be3
a4 16. Kf2 Na5 17. Nd2 Nb3 18. Nxb3 axb3 19. Qd1 Nb8 20. Nf3 Nc6 21. Nd2 Na5
22. g4 Bd7 23. Qe2 Nc6 24. gxf5 exf5 25. Nf3 Nd8 26. Rac1 Nf7 27. Rc3 Rac8 28.
Rhc1 Nh6 29. Nh2 Rxc3 30. Rxc3 Bh4+ 31. Kf1 Rc8 32. Rxc8+ Bxc8 33. Nf3 Be7 34.
Qd1 Bd7 35. Nd2 Ba4 36. Qc1 Bb5 37. Qc3 Ng4 38. Bg1 Qc6 39. Bxb5 Qxb5+ 40. Ke1
h6 41. Qc8+ 1-0

[Event "GBR-ch83"]
[Site "Nottingham"]
[Date "1996.08.07"]
[Round "3.17"]
[White "Pert, Nicholas"]
[Black "Baker, Chris W"]
[Result "1-0"]
[WhiteElo "2195"]
[BlackElo "2370"]
[PlyCount "113"]
[EventDate "1996.08.05"]
[EventType "swiss"]
[EventRounds "11"]
[EventCountry "GBR"]

1. d4 Nf6 2. Nf3 e6 3. g3 c5 4. c3 b6 5. Bg2 Bb7 6. O-O Be7 7. Bg5 O-O 8. Nbd2
cxd4 9. cxd4 d6 10. Qc2 Nbd7 11. e4 Rc8 12. Qd3 Qc7 13. Rfd1 Rfe8 14. Ne1 h6
15. Bxf6 Nxf6 16. Nb3 Qc4 17. e5 Nd5 18. Rac1 Qa4 19. Qb1 Qd7 20. Nd2 Rxc1 21.
Rxc1 dxe5 22. dxe5 Nf4 23. gxf4 Bxg2 24. Nxg2 Qxd2 25. Qc2 Rd8 26. Ne3 Qxc2 27.
Rxc2 Bc5 28. Kf1 Rd4 29. Ng2 g5 30. Ke2 Kg7 31. fxg5 hxg5 32. Kf3 Kg6 33. Re2
Rd3+ 34. Kg4 Rd4+ 35. f4 Rb4 36. h4 gxf4 37. Nxf4+ Kh6 38. Kf3 Be7 39. Kg4 Rc4
40. Rd2 Kg7 41. Rd7 Bxh4 42. Rxa7 Kf8 43. b3 Rd4 44. Kxh4 Rxf4+ 45. Kg3 Re4 46.
Rb7 Rxe5 47. Rxb6 Ke7 48. a4 f5 49. Kf2 Kf6 (49... Ra5 $11) 50. b4 Rd5 51. a5
f4 $4 (51... Rd2+ 52. Ke3 Ra2 $11) 52. a6 $1 $18 Rd3 53. Rb5 Rd2+ 54. Kf3 Rd3+
55. Ke4 Rd8 56. a7 Ra8 57. Rb7 1-0

[Event "GBR-ch83"]
[Site "Nottingham"]
[Date "1996.08.07"]
[Round "3.18"]
[White "Williams, Simon Kim"]
[Black "Hunt, Adam C"]
[Result "1-0"]
[WhiteElo "2350"]
[BlackElo "2200"]
[PlyCount "83"]
[EventDate "1996.08.05"]
[EventType "swiss"]
[EventRounds "11"]
[EventCountry "GBR"]

1. c4 g6 2. Nc3 Bg7 3. d4 d6 4. e4 Nf6 5. f3 O-O 6. Be3 a6 7. Qd2 c6 8. h4 b5
9. h5 bxc4 10. hxg6 fxg6 11. Bh6 Rf7 12. Bxc4 d5 13. Bb3 e6 14. e5 Nfd7 15.
O-O-O Nf8 16. Nh3 Bxh6 17. Qxh6 Rg7 18. Ng5 Raa7 19. Rh4 c5 20. dxc5 Qc7 21.
Rf4 Qxc5 22. Kb1 Rad7 23. g4 Rd8 24. Nce4 Qe7 25. Nf6+ Kh8 26. Ba4 Bd7 27. Bc2
Nc6 28. Ngxh7 Nxh7 29. g5 Nxe5 30. Rh1 Bc6 31. Rfh4 Rd7 32. f4 d4 33. Nxh7 Ng4
34. Nf6+ Nxh6 35. Rxh6+ Rh7 36. Rxh7+ Qxh7 37. Rxh7+ Rxh7 38. Nxh7 Kxh7 39. Bd3
a5 40. Kc2 Kg7 41. Kb3 Kf7 42. a3 1-0

[Event "GBR-ch83"]
[Site "Nottingham"]
[Date "1996.08.07"]
[Round "3.29"]
[White "Mordue, A Tyson"]
[Black "Savage, Ben D"]
[Result "1/2-1/2"]
[WhiteElo "2240"]
[BlackElo "2200"]
[PlyCount "28"]
[EventDate "1996.08.05"]
[EventType "swiss"]
[EventRounds "11"]
[EventCountry "GBR"]

1. e4 g6 2. d4 d6 3. Nc3 c6 4. f4 d5 5. e5 h5 6. Nf3 Bg4 7. Be2 Nh6 8. Be3 e6
9. a3 Nd7 10. O-O Nf5 11. Bf2 Be7 12. Qd2 b6 13. Nd1 c5 14. c3 c4 1/2-1/2

[Event "GBR-ch83"]
[Site "Nottingham"]
[Date "1996.08.07"]
[Round "3.30"]
[White "Lyell, Mark"]
[Black "Rudd, Jack"]
[Result "1/2-1/2"]
[WhiteElo "2235"]
[BlackElo "2190"]
[PlyCount "145"]
[EventDate "1996.08.05"]
[EventType "swiss"]
[EventRounds "11"]
[EventCountry "GBR"]

1. e4 c5 2. c3 Nf6 3. e5 Nd5 4. d4 cxd4 5. Nf3 e6 6. cxd4 d6 7. a3 Nc6 8. Bd3
Qc7 9. O-O Bd7 10. Qe2 dxe5 11. dxe5 Bc5 12. Bd2 Nd4 13. Nxd4 Bxd4 14. Nc3 Nxc3
15. Bxc3 Bxc3 16. bxc3 Qxc3 17. Rfc1 Qa5 18. Qe4 Qd5 19. Qxd5 exd5 20. Rc7 b6
21. Rac1 Ke7 22. Ba6 Ke6 23. f4 Ba4 24. Kf2 g5 25. g3 gxf4 26. gxf4 Rhg8 27.
Bc8+ Raxc8 28. Rxc8 Rg4 29. Kf3 Kf5 30. R8c7 Rxf4+ 31. Kg3 Kxe5 32. Re7+ Kd6
33. Kxf4 Kxe7 34. Rc7+ Kd6 35. Rxf7 Bc2 36. Rxa7 Be4 37. h4 Kc5 38. Ke5 Kc4 39.
Ra4+ Kc5 40. Ra7 Kc4 41. Rb7 Kc5 42. Rc7+ Kb5 43. Kd4 Ka6 44. h5 Kb5 45. h6 Ka4
46. Ra7+ Kb5 47. a4+ Kc6 48. Rf7 Kd6 49. Rf6+ Kc7 50. Re6 Bc2 51. Rf6 Be4 52.
Ke5 Kb7 53. Rf7+ Kc6 54. Rf6+ Kc7 55. Rd6 Kb7 56. Rd8 Kc6 57. Rc8+ Kb7 58. Rc3
Ka6 59. Rc7 b5 60. Rc6+ Ka5 61. axb5 Kxb5 62. Rc8 Kb6 63. Kd4 Kb5 64. Rf8 Kc6
65. Ke5 Kd7 66. Rf7+ Kc6 67. Re7 Bd3 68. Ra7 Be4 69. Ra3 Kc7 70. Ke6 Kc6 71.
Ke5 Kc7 72. Rc3+ Kb6 73. Kd4 1/2-1/2

[Event "GBR-ch83"]
[Site "Nottingham"]
[Date "1996.08.08"]
[Round "4.1"]
[White "Sadler, Matthew D"]
[Black "Ward, Christopher G"]
[Result "0-1"]
[WhiteElo "2615"]
[BlackElo "2460"]
[PlyCount "77"]
[EventDate "1996.08.05"]
[EventType "swiss"]
[EventRounds "11"]
[EventCountry "GBR"]
[SourceTitle "Mega Database 2004"]

1. d4 Nf6 2. c4 e6 3. Nf3 c5 4. d5 d6 5. Nc3 exd5 6. cxd5 g6 7. Nd2 Bg7 8. Nc4
O-O 9. g3 b6 10. a4 Ne8 11. Bg2 Nd7 12. O-O Ba6 13. Na3 f5 14. Bd2 Ne5 15. Qc1
Nf6 16. Bh6 Qd7 17. Ra2 Bxh6 18. Qxh6 Nh5 19. Qc1 f4 20. Nab5 h6 21. b3 Rf7 22.
Ne4 Bxb5 23. axb5 Rd8 24. Qc3 Nf6 25. Nxf6+ Rxf6 26. Rfa1 Qxb5 27. gxf4 Rxf4
28. e3 Rb4 29. f4 Rxb3 30. Qc2 Nd3 31. Rxa7 c4 32. Rc7 Qe8 33. e4 Nxf4 34. Qxc4
Rc3 ({The bulletin continues} 34... Re3 35. Rg7+ ({If Black really had played .
..Re3, now} 35. Raa7 $1 {would have secured a draw.}) 35... Kh8 ({No reason
not to capture here, since after} 35... Kxg7 36. Qd4+ Qe5 $1 {and the a1 rook
is loose after the rook is captured}) 36. Qb4 Ne2+ 37. Kf2 Qf8+ 38. Kxe3 Qxg7 {
0-1, but it is wrong as pointed out by Harriet Hunt in a letter to BCM,
December 1996, p663. The actual moves given by her are given here.}) 35. Rg7+
Kh8 36. Qb4 Ne2+ 37. Kf2 Qf8+ 38. Kxe2 Qxg7 39. Rf1 {Source: bulletin as
corrected by Harriet Hunt letter to BCM, December 1996, p663} 0-1

[Event "GBR-ch83"]
[Site "Nottingham"]
[Date "1996.08.08"]
[Round "4.3"]
[White "Bates, Richard"]
[Black "Summerscale, Aaron"]
[Result "0-1"]
[WhiteElo "2315"]
[BlackElo "2500"]
[PlyCount "52"]
[EventDate "1996.08.05"]
[EventType "swiss"]
[EventRounds "11"]
[EventCountry "GBR"]
[SourceTitle "Mega Database 2004"]

1. d4 d5 2. c4 c6 3. Nf3 e6 4. e3 f5 5. g4 Nf6 6. gxf5 exf5 7. Nc3 Be6 8. Rg1
Nbd7 9. Ng5 Bg8 10. cxd5 Nxd5 11. Bd3 g6 12. h4 Qe7 13. h5 O-O-O 14. Nxd5 Bxd5
15. Qa4 Bh6 16. Nxh7 Rxh7 17. hxg6 Rg7 18. Qxa7 f4 19. Ke2 Be4 20. Bc4 Rxg6 21.
Rxg6 Bxg6 22. Bd2 Bh5+ 23. f3 fxe3 24. Ba5 Rf8 25. Ba6 Bxf3+ 26. Kd3 Nb8 0-1

[Event "GBR-ch83"]
[Site "Nottingham"]
[Date "1996.08.08"]
[Round "4.4"]
[White "Parker, Jonathan F"]
[Black "Knott, Simon JB"]
[Result "1/2-1/2"]
[WhiteElo "2470"]
[BlackElo "2335"]
[PlyCount "46"]
[EventDate "1996.08.05"]
[EventType "swiss"]
[EventRounds "11"]
[EventCountry "GBR"]

1. d4 Nf6 2. c4 g6 3. Nc3 d5 4. Nf3 Bg7 5. cxd5 Nxd5 6. e4 Nxc3 7. bxc3 c5 8.
Rb1 O-O 9. Be2 b6 10. O-O Bb7 11. Qd3 cxd4 12. cxd4 Nd7 13. Ba3 Rc8 14. Rfd1 e6
15. Qe3 a6 16. Ne5 b5 17. Nxd7 Qxd7 18. h4 f5 19. Bf3 fxe4 20. Bxe4 Bxe4 21.
Qxe4 Qd5 22. Qxd5 exd5 23. Bc5 Rfe8 1/2-1/2

[Event "GBR-ch83"]
[Site "Nottingham"]
[Date "1996.08.08"]
[Round "4.5"]
[White "Wilson, Jonathan G"]
[Black "Buckley, Graeme"]
[Result "1/2-1/2"]
[WhiteElo "2285"]
[BlackElo "2370"]
[PlyCount "94"]
[EventDate "1996.08.05"]
[EventType "swiss"]
[EventRounds "11"]
[EventCountry "GBR"]

1. d4 Nf6 2. c4 g6 3. Nc3 Bg7 4. e4 d6 5. Nf3 O-O 6. Be2 e5 7. O-O Nbd7 8. Re1
c6 9. Bf1 a5 10. Rb1 Re8 11. d5 Nc5 12. Bg5 h6 13. Bxf6 Qxf6 14. Nd2 Qe7 15.
Nb3 Nd7 16. dxc6 bxc6 17. c5 Nxc5 18. Nxc5 dxc5 19. Na4 Be6 20. Rc1 Rad8 21.
Qc2 Qg5 22. Re3 Bf8 23. Nxc5 Bxc5 24. Qxc5 Rd2 25. Rc2 Red8 26. Rxd2 Rxd2 27.
Qc3 Qd8 28. Qxe5 Bxa2 29. b3 Qd4 30. Qxa5 Bxb3 31. Qc3 Ba4 32. Qxd4 Rxd4 33.
Re1 Kf8 34. f3 Ke7 35. Kf2 Kd6 36. Ke3 c5 37. Rc1 Rb4 38. Rc3 Kc6 39. Bc4 f6
40. f4 Rb2 41. Bd5+ Kd6 42. Rd3 Bb5 43. Bc4+ Ke7 44. Rb3 Rxb3+ 45. Bxb3 Kd6 46.
Bf7 g5 47. g3 gxf4+ 1/2-1/2

[Event "GBR-ch83"]
[Site "Nottingham"]
[Date "1996.08.08"]
[Round "4.6"]
[White "Cobb, Charles A"]
[Black "Williams, Simon Kim"]
[Result "1/2-1/2"]
[WhiteElo "2260"]
[BlackElo "2350"]
[PlyCount "54"]
[EventDate "1996.08.05"]
[EventType "swiss"]
[EventRounds "11"]
[EventCountry "GBR"]

1. e4 e6 2. d4 d5 3. Nc3 Nf6 4. e5 Ne4 5. Nxe4 dxe4 6. Bc4 a6 7. a4 b6 8. Ne2
Bb7 9. Be3 Nc6 10. O-O Ne7 11. Ng3 Nf5 12. c3 Be7 13. Qg4 h5 14. Nxh5 g6 15.
Ng3 Rh4 16. Qe2 Kf8 17. Nxf5 exf5 18. g3 Rh7 19. d5 Kg7 20. Rad1 Qd7 21. f4
exf3 22. Rxf3 Qxa4 23. b3 Qe8 24. Qg2 Rd8 25. b4 a5 26. b5 Qf8 27. Qf2 f6
1/2-1/2

[Event "GBR-ch83"]
[Site "Nottingham"]
[Date "1996.08.08"]
[Round "4.8"]
[White "Ansell, Simon T"]
[Black "Pert, Richard G"]
[Result "1-0"]
[WhiteElo "2420"]
[BlackElo "2165"]
[PlyCount "75"]
[EventDate "1996.08.05"]
[EventType "swiss"]
[EventRounds "11"]
[EventCountry "GBR"]

1. e4 c5 2. Nf3 d6 3. Bb5+ Nd7 4. d4 Ngf6 5. Nc3 a6 6. Bxd7+ Nxd7 7. Be3 cxd4
8. Qxd4 e6 9. O-O-O Qc7 10. Nd2 b5 11. f4 Bb7 12. Nb3 Rc8 13. Kb1 Be7 14. Rhe1
Bf6 15. Qxd6 Qxd6 16. Rxd6 b4 17. Na4 Bxe4 18. Nac5 Nxc5 19. Bxc5 Bxg2 20. Rxa6
Bh3 21. Bxb4 Rg8 22. Nd2 Bf5 23. Ne4 Bxe4 24. Rxe4 Be7 25. Ra7 Bxb4 26. Rxb4 g5
27. Rbb7 Rg7 28. fxg5 h6 29. h4 hxg5 30. hxg5 Rxg5 31. Re7+ Kf8 32. Rxf7+ Kg8
33. b3 Rg2 34. Rac7 Rd8 35. Rfe7 Re2 36. a4 e5 37. a5 Ra8 38. a6 1-0

[Event "GBR-ch83"]
[Site "Nottingham"]
[Date "1996.08.08"]
[Round "4.9"]
[White "Dunworth, Christopher"]
[Black "Ledger, Andrew J"]
[Result "0-1"]
[WhiteElo "2335"]
[BlackElo "2415"]
[PlyCount "70"]
[EventDate "1996.08.05"]
[EventType "swiss"]
[EventRounds "11"]
[EventCountry "GBR"]

1. e4 c6 2. d4 d5 3. e5 Bf5 4. h4 Qb6 5. c3 e6 6. g4 Be4 7. f3 Bxb1 8. Rxb1 c5
9. Be3 Nc6 10. Kf2 f6 11. f4 fxe5 12. fxe5 Nh6 13. Bh3 Be7 14. Nf3 O-O 15. Kg3
cxd4 16. cxd4 Rac8 17. Bf1 Nf7 18. Qd3 Nb4 19. Qb3 Qc7 20. a3 Nc6 21. Rc1 Qd7
22. Bd3 Na5 23. Bxh7+ Kxh7 24. Qd3+ Kg8 25. Rxc8 Qxc8 26. Rc1 Qe8 27. Rc7 Bd8
28. Rc2 Nc4 29. Bc1 Nh8 30. h5 Qf7 31. b3 Na5 32. Rc8 Bh4+ 33. Kxh4 Rxc8 34.
Ng5 Qf2+ 35. Kh3 Qc2 0-1

[Event "GBR-ch83"]
[Site "Nottingham"]
[Date "1996.08.08"]
[Round "4.10"]
[White "McShane, Luke J"]
[Black "Phillips, Roy JN"]
[Result "1-0"]
[WhiteElo "2385"]
[BlackElo "2120"]
[PlyCount "77"]
[EventDate "1996.08.05"]
[EventType "swiss"]
[EventRounds "11"]
[EventCountry "GBR"]

1. e4 c5 2. Nf3 g6 3. d4 Bg7 4. dxc5 Qa5+ 5. c3 Qxc5 6. Be3 Qc7 7. Na3 Nf6 8.
Qa4 b6 9. O-O-O Bb7 10. e5 Ne4 11. Nb5 Qd8 12. Bd3 Nc5 13. Bxc5 bxc5 14. e6 O-O
15. exf7+ Rxf7 16. Ng5 Rf6 17. Qh4 h6 18. Bc4+ d5 19. Ne4 Qb6 20. Rxd5 Bxd5 21.
Bxd5+ Kh7 22. Nxf6+ Bxf6 23. Qe4 Nc6 24. Bxc6 Rb8 25. h4 Kg7 26. h5 gxh5 27.
Rxh5 a6 28. Qg4+ Kf8 29. Qf4 axb5 30. Qxh6+ Kf7 31. Qh7+ Kf8 32. Qg6 Qxc6 33.
Rh8+ Bxh8 34. Qxc6 c4 35. a3 Be5 36. Kd2 Bd6 37. Ke3 Kf7 38. f4 Ke6 39. Ke4 1-0

[Event "GBR-ch83"]
[Site "Nottingham"]
[Date "1996.08.08"]
[Round "4.11"]
[White "Hunt, Harriet V"]
[Black "Ferguson, Mark"]
[Result "1/2-1/2"]
[WhiteElo "2315"]
[BlackElo "2385"]
[PlyCount "49"]
[EventDate "1996.08.05"]
[EventType "swiss"]
[EventRounds "11"]
[EventCountry "GBR"]

1. e4 e5 2. Nf3 Nc6 3. Bb5 a6 4. Ba4 Nf6 5. O-O Nxe4 6. d4 b5 7. Bb3 d5 8. dxe5
Be6 9. Nbd2 Be7 10. c3 Qd7 11. Qe2 Nc5 12. Nd4 Nxb3 13. N2xb3 Nd8 14. f4 c5 15.
f5 cxd4 16. fxe6 Nxe6 17. Nxd4 Bc5 18. Be3 Bxd4 19. Bxd4 Nxd4 20. cxd4 O-O 21.
Rac1 Rac8 22. Qe3 Qg4 23. h3 Qg6 24. Qf3 Qe6 25. b3 1/2-1/2

[Event "GBR-ch83"]
[Site "Nottingham"]
[Date "1996.08.08"]
[Round "4.13"]
[White "Hebden, Mark L"]
[Black "Ledger, Stephen C"]
[Result "1-0"]
[WhiteElo "2530"]
[BlackElo "2250"]
[PlyCount "57"]
[EventDate "1996.08.05"]
[EventType "swiss"]
[EventRounds "11"]
[EventCountry "GBR"]
[SourceTitle "Mega Database 2004"]

1. d4 Nf6 2. Nf3 g6 3. c4 c5 4. d5 b5 5. cxb5 a6 6. Nc3 axb5 7. d6 Nc6 8. e4
Bg7 9. Bxb5 Nxe4 10. dxe7 Qa5 11. Bxc6 Nxc3 12. bxc3 Bxc3+ 13. Bd2 dxc6 14. O-O
Bxd2 15. Nxd2 Be6 16. Ne4 Ra7 17. Rb1 Qc7 18. Qd2 Kxe7 19. Qc3 Re8 20. Qxc5+
Kd8 21. Rfd1+ Bd5 22. Nf6 Re7 23. Nxd5 cxd5 24. Rxd5+ Ke8 25. Qd4 Re2 26. Rd1
Re6 27. Rd8+ Ke7 28. Qh4+ Rf6 29. Qb4+ 1-0

[Event "GBR-ch83"]
[Site "Nottingham"]
[Date "1996.08.08"]
[Round "4.14"]
[White "Bisby, Daniel L"]
[Black "Turner, Matthew J"]
[Result "1/2-1/2"]
[WhiteElo "2205"]
[BlackElo "2425"]
[PlyCount "52"]
[EventDate "1996.08.05"]
[EventType "swiss"]
[EventRounds "11"]
[EventCountry "GBR"]

1. e4 e5 2. Nf3 Nc6 3. Bc4 Nf6 4. d3 Bc5 5. c3 O-O 6. O-O d6 7. Nbd2 h6 8. h3
Re8 9. b4 Bb6 10. a4 a5 11. b5 Nb8 12. Re1 Be6 13. Bb3 Nbd7 14. Nc4 Nc5 15. Ba2
Bxc4 16. Bxc4 c6 17. bxc6 bxc6 18. Ba3 d5 19. exd5 e4 20. Nd4 cxd5 21. Bxc5
Bxc5 22. Bb5 Bxd4 23. cxd4 Re6 24. Rc1 Rc8 25. Rxc8 Qxc8 26. Qd2 exd3 1/2-1/2

[Event "GBR-ch83"]
[Site "Nottingham"]
[Date "1996.08.08"]
[Round "4.15"]
[White "Lee, Graham D"]
[Black "Vigus, James E"]
[Result "1-0"]
[WhiteElo "2375"]
[BlackElo "2245"]
[PlyCount "51"]
[EventDate "1996.08.05"]
[EventType "swiss"]
[EventRounds "11"]
[EventCountry "GBR"]
[SourceTitle "Mega Database 2004"]

1. e4 d6 2. d4 Nf6 3. Nc3 g6 4. Be2 Bg7 5. Be3 O-O 6. g4 c5 7. g5 Nfd7 8. Nf3
a6 9. h4 b5 10. h5 Bb7 11. Rh4 e6 12. Qd2 Qa5 13. Kf1 Rd8 14. hxg6 hxg6 15. d5
b4 16. dxe6 bxc3 17. exf7+ Kxf7 18. Qxd6 Nf8 19. Rf4+ Ke8 20. Rxf8+ Bxf8 21.
Qe6+ Be7 22. Ne5 Rd6 23. Qg8+ Bf8 24. Qf7+ Kd8 25. Qxf8+ Kc7 26. Nc4 1-0

[Event "GBR-ch83"]
[Site "Nottingham"]
[Date "1996.08.08"]
[Round "4.16"]
[White "Hempson, Peter W"]
[Black "Duncan, Christopher R"]
[Result "0-1"]
[WhiteElo "2235"]
[BlackElo "2340"]
[PlyCount "74"]
[EventDate "1996.08.05"]
[EventType "swiss"]
[EventRounds "11"]
[EventCountry "GBR"]

1. d4 d5 2. c4 dxc4 3. Nf3 Nf6 4. e3 e6 5. Bxc4 c5 6. O-O a6 7. Qe2 b5 8. Bb3
Bb7 9. dxc5 Nbd7 10. c6 Bxc6 11. Nd4 Bb7 12. a4 Nc5 13. Rd1 Nxb3 14. Nxb3 Qb6
15. axb5 axb5 16. Rxa8+ Bxa8 17. Nc3 Bc6 18. Nd4 b4 19. Qc4 Bc5 20. Nxc6 Qxc6
21. Na2 O-O 22. b3 Rc8 23. Bb2 Nd5 24. h3 Qa8 25. Qg4 Bf8 26. Nc1 Rc2 27. Nd3
Qc6 28. e4 Nc3 29. Nxb4 h5 30. Qxh5 Bxb4 31. Rd8+ Bf8 32. Ba3 Ne2+ 33. Kf1 Ng3+
34. fxg3 Qa6+ 35. Ke1 Qxa3 36. Qb5 Qc1+ 37. Rd1 Qe3+ 0-1

[Event "GBR-ch83"]
[Site "Nottingham"]
[Date "1996.08.08"]
[Round "4.17"]
[White "Molyneux, John"]
[Black "Berry, Stephen H"]
[Result "1-0"]
[WhiteElo "2170"]
[BlackElo "2315"]
[PlyCount "65"]
[EventDate "1996.08.05"]
[EventType "swiss"]
[EventRounds "11"]
[EventCountry "GBR"]

1. f4 e5 2. fxe5 d6 3. exd6 Bxd6 4. Nf3 Nc6 5. d4 Bg4 6. e3 Qe7 7. c3 Nf6 8.
Bd3 O-O-O 9. O-O h5 10. Na3 Ne4 11. Bxe4 Qxe4 12. Qc2 Qe7 13. Nc4 f5 14. Bd2 g6
15. Rae1 Rde8 16. b4 h4 17. Nxd6+ Qxd6 18. b5 h3 19. g3 Bxf3 20. Rxf3 Qd5 21.
Kf2 Qxb5 22. c4 Qa6 23. Rf4 b6 24. Rc1 Qb7 25. d5 Ne7 26. Bc3 g5 27. Rxf5 Rhf8
28. Rxf8 Rxf8+ 29. Ke2 Qa6 30. Bb4 Rf7 31. Rf1 Rxf1 32. Kxf1 Kd7 33. Qe4 1-0

[Event "GBR-ch83"]
[Site "Nottingham"]
[Date "1996.08.08"]
[Round "4.22"]
[White "Tebb, David J"]
[Black "Clarke, Thomas"]
[Result "1-0"]
[WhiteElo "2320"]
[BlackElo "2230"]
[PlyCount "53"]
[EventDate "1996.08.05"]
[EventType "swiss"]
[EventRounds "11"]
[EventCountry "GBR"]

1. e4 e6 2. d4 d5 3. Nc3 Bb4 4. e5 c5 5. Bd2 Ne7 6. dxc5 Nbc6 7. Qh5 Ng6 8. Nf3
Bxc5 9. O-O-O Bxf2 10. Bd3 Nb4 11. Bxg6 fxg6 12. Qg4 Nc6 13. Rhf1 Bc5 14. Ng5
Nxe5 15. Qe2 Bd6 16. Nxd5 exd5 17. Nf7 Qc7 18. Nxe5 Bxe5 19. Bc3 Be6 20. Bxe5
Qc4 21. Rd3 Kd7 22. b3 Qa6 23. Rfd1 Rhe8 24. Qf3 Rac8 25. Rxd5+ Bxd5 26. Qxd5+
Ke7 27. Qd7+ 1-0

[Event "GBR-ch83"]
[Site "Nottingham"]
[Date "1996.08.08"]
[Round "4.23"]
[White "Hunt, Adam C"]
[Black "Wall, Timothy P"]
[Result "0-1"]
[WhiteElo "2200"]
[BlackElo "2320"]
[PlyCount "64"]
[EventDate "1996.08.05"]
[EventType "swiss"]
[EventRounds "11"]
[EventCountry "GBR"]

1. e4 e5 2. Nf3 Nc6 3. Bb5 a6 4. Ba4 Nf6 5. O-O Be7 6. Re1 b5 7. Bb3 d6 8. c3
O-O 9. h3 Na5 10. Bc2 c5 11. d4 Qc7 12. Nbd2 Rd8 13. Nf1 cxd4 14. cxd4 exd4 15.
Nxd4 d5 16. e5 Ne4 17. Qd3 Bb7 18. Bf4 Bc5 19. Rac1 Qb6 20. Red1 Nc6 21. Nxc6
Bxf2+ 22. Kh1 Bxc6 23. Ng3 g5 24. Qf3 gxf4 25. Bxe4 dxe4 26. Qg4+ Kh8 27. Nh5
Rg8 28. Qf5 Bh4 29. e6 Rxg2 30. Rc5 e3 31. Rdd5 Rag8 32. Nxf4 Qxc5 0-1